Éléments du tableau périodique - Statistiques

Statistiques générales
  • Ce quiz a été pris 170 fois
  • Le résultat moyen est 60 sur 118
Statistiques - réponses
élément % Correct
Oxygène
90%
Hydrogène
88%
Carbone
86%
Argent
85%
Hélium
85%
Cuivre
82%
Fer
82%
Aluminium
79%
Azote
79%
Or
79%
Magnésium
77%
Calcium
75%
Zinc
75%
Uranium
74%
Argon
73%
Chlore
73%
Fluor
73%
Bore
72%
Sodium
72%
Lithium
71%
Néon
71%
Potassium
71%
Béryllium
70%
Soufre
70%
Mercure
69%
Xénon
69%
Manganèse
68%
Gallium
65%
Silicium
65%
Cobalt
63%
Plutonium
63%
Radium
63%
Germanium
62%
Phosphore
62%
Radon
61%
Chrome
60%
Krypton
60%
Francium
59%
Polonium
59%
Arsenic
58%
Brome
57%
Césium
57%
Titane
57%
Einsteinium
56%
Étain
55%
Iode
55%
Nickel
55%
Sélénium
55%
Zirconium
55%
Baryum
54%
Californium
54%
Palladium
54%
Platine
54%
Vanadium
54%
Americium
53%
Plomb
53%
Antimoine
52%
Astate
51%
Tantale
50%
Tungstène
50%
Curium
48%
Rubidium
47%
Yttrium
47%
Cadmium
46%
Iridium
46%
Tellure
46%
Scandium
44%
Bismuth
43%
Europium
43%
Molybdène
43%
Strontium
43%
Fermium
42%
Indium
42%
Rhodium
42%
Neptunium
41%
Thallium
41%
Cérium
40%
Tennessine
40%
Lanthane
39%
Oganesson
39%
Actinium
38%
Erbium
38%
Mendelevium
38%
Niobium
38%
Nobelium
38%
Thorium
38%
Ytterbium
38%
Lawrencium
37%
Osmium
37%
Ruthénium
37%
Technétium
37%
Berkelium
36%
Moscovium
36%
Copernicium
35%
Seaborgium
35%
Lutécium
33%
Bohrium
32%
Hafnium
32%
Néodyme
32%
Praséodyme
32%
Rutherfordium
32%
Dubnium
31%
Gadolinium
30%
Livermorium
30%
Rhénium
30%
Thulium
30%
Darmstadtium
29%
Holmium
29%
Prométhium
29%
Dysprosium
28%
Flérovium
28%
Hassium
28%
Protactinium
27%
Terbium
27%
Samarium
26%
Nihonium
25%
Roentgenium
21%
Meitnérium
18%
Aucun quiz correspondant
Distribution des résultats
% des personnes avec chaque résultat
Percentile par nombre de réponses
Votre historique - résultats
Vous n’avez pas pris ce quiz